00492nam a2200193Ia 4500008004100000020001400041050001400055100001600069245004500085245004700130260001300177260001900190260000900209300001500218300002700233300001000260440002000270500000800290170918s9999 xx 000 0 und d a670878731 bK655 1998 aKline, Suzy aHorrible Harry moves up to third grade / cSuzy Kline ; pictures by Frank Remkiewicz. aLondon : bPuffin Books,  c1998 a58 pages : bcolored illustration ; c20cm. aHorrible Harry. a460